|
|
|
|
| LEADER |
02148nam a22004454a 4500 |
| 001 |
EBC3445039 |
| 003 |
MiAaPQ |
| 005 |
20200520144314.0 |
| 006 |
m o d | |
| 007 |
cr cn||||||||| |
| 008 |
060313s2007 wiuab sb s001 0 eng |
| 010 |
|
|
|z 2006008597
|
| 020 |
|
|
|z 0299220907 (cloth : alk. paper)
|
| 020 |
|
|
|z 9780299220907 (cloth : alk. paper)
|
| 020 |
|
|
|z 029922094X (pbk. : alk. paper)
|
| 020 |
|
|
|z 9780299220945 (pbk. : alk. paper)
|
| 035 |
|
|
|a (MiAaPQ)EBC3445039
|
| 035 |
|
|
|a (Au-PeEL)EBL3445039
|
| 035 |
|
|
|a (CaPaEBR)ebr10408942
|
| 035 |
|
|
|a (OCoLC)659559207
|
| 040 |
|
|
|a MiAaPQ
|c MiAaPQ
|d MiAaPQ
|
| 043 |
|
|
|a f-tz---
|
| 050 |
|
4 |
|a HF5475.T362
|b K556 2007
|
| 082 |
0 |
4 |
|a 306.3/40967826
|2 22
|
| 100 |
1 |
|
|a Pietila, Tuulikki,
|d 1917-
|
| 245 |
1 |
0 |
|a Gossip, markets, and gender
|h [electronic resource] :
|b how dialogue constructs moral value in post-socialist Kilimanjaro /
|c Tuulikki Pietila.
|
| 260 |
|
|
|a Madison, Wis. :
|b University of Wisconsin Press,
|c c2007.
|
| 300 |
|
|
|a xi, 241 p. :
|b ill., maps.
|
| 490 |
1 |
|
|a Women in Africa and the diaspora
|
| 504 |
|
|
|a Includes bibliographical references (p. 221-234) and index.
|
| 505 |
0 |
|
|a Domesticating the market, marketing the domestic -- Feeding, drinking, and eating : market women restructuring gender -- Constructing moral reputation : the case of Mama Njau -- From captured wives to bound men : rethinking female respect -- Urban men in their home lineages -- Making sense of failure : stories of businessmen and wealth.
|
| 533 |
|
|
|a Electronic reproduction. Ann Arbor, MI : ProQuest, 2015. Available via World Wide Web. Access may be limited to ProQuest affiliated libraries.
|
| 650 |
|
0 |
|a Markets
|z Tanzania
|z Kilimanjaro Region.
|
| 650 |
|
0 |
|a Markets
|x Social aspects
|z Tanzania
|z Kilimanjaro Region.
|
| 650 |
|
0 |
|a Markets
|x Moral and ethical aspects
|z Tanzania
|z Kilimanjaro Region.
|
| 650 |
|
0 |
|a Gossip
|z Tanzania
|z Kilimanjaro Region.
|
| 655 |
|
4 |
|a Electronic books.
|
| 710 |
2 |
|
|a ProQuest (Firm)
|
| 830 |
|
0 |
|a Women in Africa and the diaspora.
|
| 856 |
4 |
0 |
|u https://ebookcentral.proquest.com/lib/matrademy/detail.action?docID=3445039
|z Click to View
|